| 000 | 00863nac a22003017a 4500 | ||
|---|---|---|---|
| 001 | BR0501940 | ||
| 003 | BR-BrBNA | ||
| 005 | 20240105123133.0 | ||
| 008 | 230509b bl.|||m| |||| 00| 0 por d | ||
| 040 |
_aBR-BrBNA _bpor _cBiblioteca Nacional de Agricultura |
||
| 072 | _aC10; E14 | ||
| 090 | _aC10 BR0501940 | ||
| 110 | 1 | _aEMBRAPA Soja, Londrina, PR (Brasil) | |
| 245 | 1 | _aLivro de redações | |
| 260 | 3 |
_aLondrina, PR (Brasil): _c2001. |
|
| 300 | _a123 p. | ||
| 490 |
_aDocumentos - EMBRAPA Soja (Brazil) _vno. 155 _xISSN 1516-781X |
||
| 500 | _a32 illus. | ||
| 650 | _aENSINO | ||
| 650 | _aINSTITUIÇÃO DE PESQUISA | ||
| 650 | _aESCOLA | ||
| 650 | _aDIVULGAÇÃO | ||
| 650 | _aTECNOLOGIA AGRÍCOLA | ||
| 650 | _aINTEGRAÇÃO | ||
| 650 | _aPROGRAMA EDUCACIONAL | ||
| 909 |
_a202312 _bLúcia Elande _c55 _dLúcia Elande |
||
| 942 |
_2AGRIS _n0 _cMS |
||
| 999 |
_c294146 _d294146 |
||